[Event "EU-ch 8th"]
[Site "Dresden"]
[Date "2007.04.04"]
[Round "2"]
[White "Atalik, Suat"]
[Black "Becker, Martin Alexander"]
[Result "1-0"]
[WhiteElo "2584"]
[BlackElo "2330"]
[PlyCount "47"]
[EventDate "2007.04.03"]
[EventType "swiss"]
[EventRounds "11"]
[EventCountry "GER"]
[SourceTitle "CBM 118"]
[Source "ChessBase"]
[SourceDate "2007.05.31"]
[SourceVersion "1"]
[SourceVersionDate "2007.05.31"]
[SourceQuality "1"]

1. d4 d5 2. c4 e6 3. Nf3 Nf6 4. Nc3 Be7 5. Bf4 0-0 6. Qc2 Nc6 7. e3 Nb4 8. Qd1 dxc4 9. Bxc4 a6 10. 0-0 b5 11. Be2 Nbd5 12. Nxd5 Nxd5 13. Be5 c5 14. dxc5 Bxc5 15. e4 Nf6 16. Qc2 Qb6 17. Rac1 Nd7 18. Bg3 Be7 19. Rfd1 Nf6 20. Ne5 Rd8 21. Rxd8+ Bxd8 22. Qxc8 Rxc8 23. Rxc8 Nxe4 24. Nd7 1-0

[Event "Oberliga NRW 0607"]
[Site "Germany"]
[Date "2007.03.18"]
[Round "7.4"]
[White "Wolter, Kai"]
[Black "Becker, Martin Alexander"]
[Result "0-1"]
[WhiteElo "2258"]
[BlackElo "2335"]
[PlyCount "184"]
[EventDate "2006.09.17"]
[EventType "team-tourn"]
[EventRounds "9"]
[EventCountry "GER"]
[SourceTitle "EXT 2008"]
[Source "ChessBase"]
[SourceDate "2007.11.25"]
[SourceVersion "1"]
[SourceVersionDate "2007.11.25"]
[SourceQuality "1"]
[WhiteTeam "Muenster"]
[BlackTeam "Solingen II"]
[WhiteTeamCountry "GER"]
[BlackTeamCountry "GER"]

1. e4 c5 2. Nf3 d6 3. Nc3 Nf6 4. d4 cxd4 5. Nxd4 a6 6. Be2 e5 7. Nb3 Be7 8. 0-0 0-0 9. Be3 Be6 10. Nd5 Nbd7 11. Qd3 Bxd5 12. exd5 Nc5 13. Nxc5 dxc5 14. c4 e4 15. Qd2 Bd6 16. Rad1 Qc7 17. h3 Rae8 18. Rfe1 Nd7 19. f4 exf3 20. Bxf3 f5 21. Bf2 Ne5 22. Qc3 b5 23. cxb5 axb5 24. a3 c4 25. Kh1 Nd3 26. Rf1 Qe7 27. Bg1 Qh4 28. Bh2 Nf2+ 29. Rxf2 Bxh2 30. Qd4 Qxd4 31. Rxd4 Bd6 32. Rd1 Re3 33. Re2 Rfe8 34. Rde1 f4 35. Kg1 Kf7 36. Kf1 R8e5 37. Rxe3 fxe3 38. Rc1 Re8 39. a4 Rb8 40. axb5 Rxb5 41. Rxc4 Rxb2 42. Rc1 Rf2+ 43. Kg1 Bg3 44. Bg4 g6 45. Rc3 Rb2 46. Kf1 Rf2+ 47. Kg1 Rf4 48. Rc2 Ke7 49. Bf3 h5 50. Kf1 g5 51. Rc7+ Kf6 52. Ke2 g4 53. Rc6+ Kf5 54. hxg4+ hxg4 55. Kxe3 gxf3 56. gxf3 Ra4 57. Kd3 Be5 58. Rc4 Ra3+ 59. Ke2 Bf4 60. Rd4 Ra2+ 61. Kd3 Be5 62. Rc4 Ra5 63. Rh4 Rxd5+ 64. Kc4 Rd1 65. Re4 Rf1 66. Re3 Bf4 67. Rd3 Re1 68. Kd4 Be5+ 69. Kd5 Kf4 70. Kc4 Bb2 71. Kd5 Bc1 72. Kc4 Be3 73. Kd5 Kxf3 74. Rb3 Rh1 75. Ke5 Rh5+ 76. Ke6 Ke4 77. Rb4+ Bd4 78. Ra4 Rh6+ 79. Kf7 Rf6+ 80. Ke7 Rb6 81. Kf7 Kd5 82. Ra5+ Bc5 83. Kg7 Rc6 84. Ra4 Ke6 85. Ra8 Kf5 86. Kf7 Rc7+ 87. Ke8 Ke6 88. Ra6+ Bd6 89. Kd8 Rb7 90. Ra8 Rd7+ 91. Kc8 Rc7+ 92. Kd8 Rc6 0-1

[Event "Oberliga NRW 0607"]
[Site "Germany"]
[Date "2007.02.25"]
[Round "6.3"]
[White "Konijn, Bart"]
[Black "Becker, Martin Alexander"]
[Result "0-1"]
[WhiteElo "2274"]
[BlackElo "2335"]
[PlyCount "48"]
[EventDate "2006.09.17"]
[EventType "team-tourn"]
[EventRounds "9"]
[EventCountry "GER"]
[SourceTitle "EXT 2008"]
[Source "ChessBase"]
[SourceDate "2007.11.25"]
[SourceVersion "1"]
[SourceVersionDate "2007.11.25"]
[SourceQuality "1"]
[WhiteTeam "Gescher"]
[BlackTeam "Solingen II"]
[WhiteTeamCountry "GER"]
[BlackTeamCountry "GER"]

1. e4 c5 2. Nf3 d6 3. d4 cxd4 4. Nxd4 Nf6 5. Nc3 a6 6. Bg5 e6 7. f4 Qb6 8. Nb3 Be7 9. Qe2 Qc7 10. 0-0-0 Nbd7 11. g4 b5 12. Bg2 Rb8 13. Rhe1 b4 14. Nd5 Nxd5 15. exd5 Bxg5 16. fxg5 Ne5 17. Nd4 0-0 18. h4 Qc5 19. h5 exd5 20. Nf5 d4 21. Be4 b3 22. axb3 Bxf5 23. gxf5 Rxb3 24. Bd5 Re3 0-1

[Event "BEL-chT 0607"]
[Site "Belgium"]
[Date "2007.02.11"]
[Round "8"]
[White "Manca, Federico"]
[Black "Becker, Martin Alexander"]
[Result "1/2-1/2"]
[WhiteElo "2417"]
[BlackElo "2332"]
[PlyCount "81"]
[EventDate "2006.10.01"]
[EventType "team-tourn"]
[EventRounds "11"]
[EventCountry "BEL"]
[SourceTitle "EXT 2008"]
[Source "ChessBase"]
[SourceDate "2007.11.25"]
[SourceVersion "1"]
[SourceVersionDate "2007.11.25"]
[SourceQuality "1"]
[WhiteTeam "Liege Crelel"]
[BlackTeam "KSK47 Eynatten"]
[WhiteTeamCountry "BEL"]
[BlackTeamCountry "BEL"]

1. e4 c5 2. c3 Nf6 3. e5 Nd5 4. d4 cxd4 5. Nf3 Nc6 6. Bc4 Nb6 7. Bb3 d6 8. exd6 Qxd6 9. 0-0 Be6 10. Na3 dxc3 11. Qe2 Bxb3 12. Nb5 Qb8 13. axb3 a6 14. Nbd4 Nxd4 15. Nxd4 e6 16. Nxe6 fxe6 17. Qxe6+ Be7 18. Qxb6 cxb2 19. Bxb2 0-0 20. Qe6+ Rf7 21. Rad1 Bf8 22. Rd5 Qe8 23. Qg4 Qc6 24. Rd2 Re8 25. h3 Re4 26. Qd1 Re6 27. Rc2 Qe8 28. Qc1 Qb5 29. Rc3 b6 30. Ba3 Bxa3 31. Qxa3 Rf8 32. Rg3 Qe2 33. Qa1 Ref6 34. Qd4 h6 35. Qd5+ R8f7 36. Qd4 Kh7 37. Re3 Qc2 38. Rc3 Qf5 39. Re3 Qc2 40. Rc3 Qf5 41. Re3 1/2-1/2